01879cam a22002774a 45000010009000000050017000090080041000260160018000670200015000850200029001000820021001291000035001502450073001852600067002583000035003254900045003605040041004055050291004465200597007376500052013346530022013867000030014089420012014389990017014509520134014671669060420121126144436.0110314s2011 enka b 000 0 eng 7 a0157807892Uk a0521768705 a9780521768702 (hardback)00a621.382222bGHO1 aGhosh, Amitabha,d1958-93148110aEssentials of LTE and LTE-A /cAmitabha Ghosh and Rapeepat Ratasuk. aCambridge UK ;aNew York :bCambridge University Press,c2011. axiii, 249 p. :bill. ;c24 cm.1 aThe Cambridge wireless essentials series aIncludes bibliographical references.8 aMachine generated contents note: 1. Genesis of wireless broadband technology (from 2G to 4.5G); 2. LTE overview; 3. Downlink transmission and system performance; 4. Uplink transition and system performance; 5. MIMO; 6. LTE-advanced; 7. Comparison of broadband technologies; 8. Appendix. a"This practical, one-stop guide will quickly bring you up-to-speed on LTE and LTE-Advanced. With everything you need to know about the theory and technology behind the standards, this is a must-have for engineers and managers in the wireless industry. First book of its kind describing technologies and system performance of LTE-A. Covers the evolution of digital wireless technology, basics of LTE and LTE-A, design of downlink and uplink channels, multi-antenna techniques and heterogeneous networks. Analyzes performance benefits over competing technologies, including WiMAX and 802.16m"-- 0aLong-Term Evolution (Telecommunications)931482 bElecNovember20121 aRatasuk, Rapeepat.931483 2ddccBB c17111d17083 00102ddc40708BaccahaMAINbMAINc1STd2012-11-26epurchaseg390.00h16429l0o621.382 GHOp000027840r2025-07-15 00:00:00yBB